| 000 | 00643nam a22001937a 4500 | ||
|---|---|---|---|
| 008 | 160924b xxu||||| |||| 00| 0 eng d | ||
| 020 | _a9812437878 | ||
| 082 |
_22004 _aDC 657.044 _bSt5 |
||
| 100 |
_915213 _aStice, Earl K. |
||
| 245 |
_aIntermediate accounting/ _cEarl K. Stice, James D. Stice and K. Fred Skousen. |
||
| 250 | _a15th edition | ||
| 260 |
_aAustralia: _bThomson South-Western, _cc2004. |
||
| 300 |
_axxxiii, 1324 pages: _billustrations; _c25 cm. |
||
| 500 | _aIncludes index. | ||
| 650 | 0 |
_915214 _aAccounting |
|
| 700 |
_915215 _aStice, James D. _eAuthor |
||
| 700 |
_915216 _aSkousen, K. Fred _eAuthor |
||
| 942 |
_2ddc _cDC |
||
| 999 |
_c4807 _d4807 |
||